000 01014nam0a22002771 4500
001 rc\2567764
005 20250623111219.0
035 _a(NLR Aleph) 006732574
090 _a5559793
_c5559793
100 _a20110914d1927 |||y0rusy50 ca
101 1 _arus
_cukr
102 _aRU
105 _aa z |||a|
200 1 _aЧерная тишина
_e[Повесть]
_fПер. с укр. С. С. Михайловой-Штерн
210 _aМосква
_cДолой неграмотность
_d1927
_gтип. "Красная пресня"
215 _a159 с., [1] с. объявл.
_cил.
_d20х14 см.
225 1 _aЛитературно-художественная библиотека
300 _aОбложка: Е. Б.
700 1 _aКоцюбинский
_bМ.М.
_f1864-1913
_gМихаил Михайлович
702 1 _aМихайлов-Штерн
_bС.С.
_4730
801 0 _aRU
_bNLR
_gpsbo
801 1 _aRU
_bELAR
_2rusmarc
852 _aNLR
_j57/407
942 _cBOOK
980 _aNB